000
00291nam a2200109Ia 4500
008
220204s9999 xx 000 0 und d
082
_a
535
_b
you
100
_a
Young, Hugh D
245
0
_a
Fundamentals of waves, optics and modern physics
260
_a
New York
_b
McGraw Hill
_c
1976
942
_c
BK
999
_c
25708
_d
25708